Представление документа в формате RUSMARC

ПолеНазваниеЗначение
  Тип записи a
  Библиографический уровень m
001 Контрольный номер f9651b71191f41bfa7f52783b324b1c2
005 Дата корректировки 20160224163402.7
010 Индекс ISBN __
a ISBN 978-5-9916-3485-4
101 Язык документа 0_
a Язык текста rus
102 Страна публикации __
a Страна публикации RU
200 Заглавие и сведения об ответственности 1_
a Заглавие Деньги. Кредит. Банки
e Сведения, относящиеся к заглавию учеб. для бакалавров
f Первые сведения об ответственности под ред. В.Ю. Катасонова, В.П. Биткова
g Последующие сведения об ответственности Московский гос. ин-т (ун-т) международных отношений МИД России
210 Выходные данные 1_
c Издательство Юрайт
a Место издания Москва
d Дата издания 2015
215 Физическое описание __
a Объем 575 с.
225 Серия 2_
a Серия Бакалавр. Базовый курс.
300 Общие примечания __
a Общие примечания гриф УМО
610 Ключевые слова 0_
a Ключевые слова деньги
610 Ключевые слова 0_
a Ключевые слова кредит
610 Ключевые слова 0_
a Ключевые слова банки
610 Ключевые слова 0_
a Ключевые слова инфляция
610 Ключевые слова 0_
a Ключевые слова закон денежного обращения
610 Ключевые слова 0_
a Ключевые слова денежные реформы
610 Ключевые слова 0_
a Ключевые слова безналичный расчет
610 Ключевые слова 0_
a Ключевые слова денежная система
610 Ключевые слова 0_
a Ключевые слова инфляция
610 Ключевые слова 0_
a Ключевые слова валютные отношения
610 Ключевые слова 0_
a Ключевые слова валютная система
610 Ключевые слова 0_
a Ключевые слова ссудный процент
610 Ключевые слова 0_
a Ключевые слова финансовые рынки
610 Ключевые слова 0_
a Ключевые слова банковское дело
610 Ключевые слова 0_
a Ключевые слова банковская система
610 Ключевые слова 0_
a Ключевые слова коммерческий банк
610 Ключевые слова 0_
a Ключевые слова риск
610 Ключевые слова 0_
a Ключевые слова учебное пособие
610 Ключевые слова 0_
a Ключевые слова гриф
686 Индексы других классификаций __
a Классификационный индекс 65.9(2)26я73
2 Код системы rubbk
701 Альтернативная интеллектуальная ответственность _1
a Фамилия Катасонов
b Имя В. Ю.
g Полное личное имя Валентин Юрьевич
e Роль лиц Автор
701 Альтернативная интеллектуальная ответственность _1
a Фамилия Битков
b Имя В. П.
g Полное личное имя Виктор Павлович
e Роль лиц Автор
801 Источник записи _0
a Страна RU
b Организация РУК
c Дата составления 20160217
g Правила каталогизации PSBO
801 Источник записи _1
a Страна RU
b Организация РУК
g Правила каталогизации PSBO
852 Данные о местонахождении __
i Авторский знак Д 34
j Шифр хранения ББК 65.9(2)26
901 Тип документа __
t Тип документа m
937 Технологическая информация __
a Создатель записи (имя) Мясникова
938 Служебная информация __
a Название организации Головной вуз
952 Тип литературы __
b Гриф литературы для ВШ гриф